000
00219nam a22000857a 4500
008
160804b xxu||||| |||| 00| 0 eng d
100
_9
34
_a
Jha S.N
245
_a
Automobile Technology
260
_a
New Delhi
_b
Goya Brothers
_c
2013
999
_c
2685
_d
2685